Präsidenten Irans - Statistiken

Allgemein
  • Dieses Quiz wurde 8 mal gespielt
  • Das Durchschnittsergebnis liegt bei 3 aus 10
Antwortstatistiken
Amtszeit Präsident % Korrekt
2013-2021 Hassan Rohani
100%
2021-2024 Ebrahim Raisi
71%
2005-2013 Mahmud Ahmadineschād
43%
1981-1989 Seyyed Ali Chāmenei
43%
2024-heute Massud Peseschkian
29%
1997-2005 Mohammad Chātami
14%
2024-2024 Mohammed Mochber
14%
1980-1981 Abolhassan Banisadr
0%
1989-1997 Ali Akbar Hāschemi Rafsandschāni
0%
1981-1981 Mohammad Ali Radschāʾi
0%
Keine übereinstimmenden Quizze gefunden
Verteilung der Resultate
Anzahl Personen mit jedem Resultat
Perzentil nach korrekt beantworteten Fragen
Ihre Resultats-Entwicklung
Sie haben dieses Quiz noch nicht gespielt